Вторая Международная научно-практическая конференция "Образ будущего", Орел, 24-25 февраля 2022 (Запись № 12465626)

Подробности
000 -МАРКЕР
контрольное поле 03262nam0a2200433 4500
001 - ИДЕНТИФИКАТОР ЗАПИСИ
контрольное поле RU\NLR\BIBL_A\012863084
005 - ИДЕНТИФИКАТОР ВЕРСИИ
контрольное поле 20221018113730.0
010 ## - МЕЖДУНАРОДНЫЙ СТАНДАРТНЫЙ НОМЕР КНИГИ (ISBN)
Номер (ISBN) 978-5-9708-0983-9
Тираж 90
021 ## - НОМЕР ГОСУДАРСТВЕННОЙ РЕГИСТРАЦИИ
Код страны российская федерация
Номер КН-П-22-034294
Номер Листа государственной регистраци КН-П-22-2939
035 ## - ДРУГИЕ СИСТЕМНЫЕ НОМЕРА
Идентификатор записи (NLR Aleph) 012863084
035 ## - ДРУГИЕ СИСТЕМНЫЕ НОМЕРА
Идентификатор записи (RuMoRGB)011085997
100 ## - ДАННЫЕ ОБЩЕЙ ОБРАБОТКИ
Данные общей обработки 20220809d2022 k y0rusy50 ca
101 1# - ЯЗЫК РЕСУРСА
Язык текста, звукозаписи и т.д. русский
-- английский
102 ## - СТРАНА ПУБЛИКАЦИИ ИЛИ ПРОИЗВОДСТВА
Страна публикации российская федерация
105 ## - ПОЛЕ КОДИРОВАННЫХ ДАННЫХ: ТЕКСТОВЫЕ МАТЕРИАЛЫ, МОНОГРАФИЧЕСКИЕ
Кодированные данные о монографическом текстовом документе y z 100zy
181 #0 - ПОЛЕ КОДИРОВАННЫХ ДАННЫХ: ВИД СОДЕРЖАНИЯ
Код вида содержания (ISBD) i
Код характеристики содержания (ISBD) axxe
182 #0 - ПОЛЕ КОДИРОВАННЫХ ДАННЫХ: ТИП СРЕДСТВА
Код типа средства (ISBD) n - непосредственное
200 1# - ЗАГЛАВИЕ И СВЕДЕНИЯ ОБ ОТВЕТСТВЕННОСТИ
Основное заглавие Вторая Международная научно-практическая конференция "Образ будущего", Орел, 24-25 февраля 2022
Параллельное заглавие The Second International scientific and practical conference "Image of the future", 24-25 February 2022
Сведения, относящиеся к заглавию сборник тезисов
Первые сведения об ответственности ФГБОУ ВО "Орловский государственный университет имени И. С. Тургенева", Правительство Орловской области, Философский факультет ОГУ имени И. С. Тургенева
Язык параллельного заглавия английский
203 ## - ВИД СОДЕРЖАНИЯ И ТИП СРЕДСТВА
Вид содержания Текст
Дополнительные сведения об издании визуальный
Тип средства непосредственный
210 ## - ПУБЛИКАЦИЯ, РАСПРОСТРАНЕНИЕ И ДР.
Место издания, распространения и т.д. Орел
Имя издателя, распространителя и т. д. Картуш
Дата издания, распространения и т.д. 2022
215 ## - ФИЗИЧЕСКАЯ ХАРАКТЕРИСТИКА
Специфическое обозначение материала и объем 305 с.
Размеры 21
300 ## - ОБЩИЕ ПРИМЕЧАНИЯ
Текст примечания На обл.: Образ будущего: Вторая Международная научно-практическая конференция, Орёл - 2022: сборник тезисов
300 ## - ОБЩИЕ ПРИМЕЧАНИЯ
Текст примечания Текст парал. на рус. и англ. яз.
330 ## - РЕЗЮМЕ ИЛИ РЕФЕРАТ
Текст примечания B сборник включены тезисы докладов участников Второй международной научно-практической конференции "Образ будущего", проводимой на базе Орловского государственного университета имени И. С. Тургенева 24-25 февраля 2022 года. На конференции обсуждались вопросы методологии и теоретических оснований изучения образов будущего, их функционирование в прошлом и настоящем
333 ## - ПРИМЕЧАНИЯ ОБ ОСОБЕННОСТЯХ РАСПРОСТРАНЕНИЯ И ИСПОЛЬЗОВАНИЯ
Текст примечания 16+
510 1# - ПАРАЛЛЕЛЬНОЕ ЗАГЛАВИЕ
Связь между полями z01791
Параллельное заглавие The Second International scientific and practical conference "Image of the future", 24-25 February 2022
Язык заглавия английский
512 1# - ЗАГЛАВИЕ ОБЛОЖКИ
Заглавие обложки Образ будущего
Сведения, относящиеся к заглавию Вторая Международная научно-практическая конференция, Орёл - 2022
-- сборник тезисов
606 1# - НАИМЕНОВАНИЕ ТЕМЫ КАК ПРЕДМЕТ
Наименование темы Социальное прогнозирование
Формальный подзаголовок Тезисы докладов
Код системы nlr_sh1
-- nlr_sh2
Идентификатор авторитетной/нормативной записи RU\NLR\AUTH\66904249
686 1# - ИНДЕКСЫ ДРУГИХ КЛАССИФИКАЦИЙ
Индекс С550.373.11я431
702 #1 - ИМЯ ЛИЦА - ВТОРИЧНАЯ ОТВЕТСТВЕННОСТЬ
Начальный элемент ввода Деев
Часть имени, кроме начального элемента ввода Н. А.
Код отношения Функция не определена
702 #1 - ИМЯ ЛИЦА - ВТОРИЧНАЯ ОТВЕТСТВЕННОСТЬ
Начальный элемент ввода Хохлов
Часть имени, кроме начального элемента ввода Е. И.
Код отношения Функция не определена
710 12 - НАИМЕНОВАНИЕ ОРГАНИЗАЦИИ - ПЕРВИЧНАЯ ОТВЕТСТВЕННОСТЬ
Начальный элемент ввода "Образ будущего", международная научно-практическая конференция
Порядковый номер временной организации и / или порядковый номер ее части 2
Дата проведения временной организации 2022
Место проведения временной организации Орел
Идентификатор авторитетной/нормативной записи RU\NLR\AUTH\880569927
791 12 - НАИМЕНОВАНИЕ ОРГАНИЗАЦИИ - АЛЬТЕРНАТИВНАЯ ФОРМА
Связь между полями z01510
Начальный элемент ввода "Image of the future", international scientific and practical conference
Порядковый номер временной организации и / или порядковый номер ее части 2
Дата проведения временной организации 2022
Место проведения временной организации Orel
Идентификатор авторитетной/нормативной записи RU\NLR\AUTH\880569930
942 ## - ДОПОЛНИТЕЛЬНЫЕ ЭЛЕМЕНТЫ ЗАПИСИ (АБИС)
Тип экземпляра АБИС Книга
980 ## - КОЛЛЕКЦИЯ
Название коллекции Национальная библиография
Экземпляры
Тип экземпляра Дата поступления Источник поступления Стоимость Библиотека постоянного хранения Библиотека текущего хранения Место хранения Шифр хранения Штрих-код Статус не для выдачи
Книга 09.08.2022 Обязательный экземпляр 0.00 РНБ (Московский) РНБ (Московский) Русский книжный фонд: издания с 1957 года, 8этаж, Хран. 2022-3/21594 1-3932175  
Книга 09.08.2022 Обязательный экземпляр 0.00 РНБ (Московский) РНБ (Московский) Русский книжный фонд: издания с 1957 года, 8этаж, Хран. 2022-3/21594 1-3932176